| 000 | 00423nam a2200169Ia 4500 | ||
|---|---|---|---|
| 008 | 131103s9999 xx 000 0 und d | ||
| 020 | _a340172150 | ||
| 040 | _aLoreto College | ||
| 041 | _aEnglish | ||
| 082 |
_a793.73/FIR _bLCBED/7438 |
||
| 245 | _aFirst Reader's Digest Quiz book | ||
| 260 |
_aGreat Britain _bKnight _c1973 |
||
| 300 |
_a96p. _c 18cm. |
||
| 650 | _aQuiz | ||
| 850 | _aLCBED/793.73/FIR | ||
| 942 | _cBK | ||
| 999 |
_c34264 _d84743 |
||